| 000 -LEADER |
| fixed length control field |
00668nam a22000977a 4500 |
| 008 - FIXED-LENGTH DATA ELEMENTS--GENERAL INFORMATION |
| fixed length control field |
180305b xxu||||| |||| 00| 0 eng d |
| 100 ## - MAIN ENTRY--AUTHOR'S NAME |
| Author's Name |
Arch, Brad |
| 245 ## - TITLE STATEMENT |
| Title |
Centenary souvenir sheet 1847-1947 |
| 260 ## - PUBLICATION, DISTRIBUTION, ETC. (IMPRINT) |
| Place of publication, distribution, etc. |
Clifton, NJ |
| Name of publisher, distributor, etc. |
Brad Arch |
| Date of publication, distribution, etc. |
1997 |
| 650 ## - TOPICAL TERM (Tag) |
| Topical term or geographic name |
United States | Souvenir Sheets | 1947 | Anniversaries of Issues | Commemorative Issues | Centenary International Philatelic Exhibition (1947 : New York) | CIPEX | Stamps -- Histories | Designs | Unaccepted | Essays and Proofs | Plate Blocks and Numbers | Production | Covers | First Days | Cachets | Postal History | Postal Rates | United States Related | Air Mail | Transoceanic Mail | International Mail | Military Mail |